| 000 | 01303nam a22002897a 4500 | ||
|---|---|---|---|
| 001 | 4830 | ||
| 003 | FISKH | ||
| 005 | 20260423082830.0 | ||
| 008 | 241017b cb ||||| |||| 00| 0 eng d | ||
| 020 | _a9781416978442 | ||
| 040 |
_aFISKH _beng _cFISKH _dFISKH |
||
| 050 | _aPZ7.K23 | ||
| 082 | _a813.52 | ||
| 100 | _aKeene, Carolyn | ||
| 245 |
_aGreen-Eyed monster / _cby Carolyn Keene |
||
| 250 | _aFirst Aladin paperback edition December 2009 | ||
| 260 |
_aNew York : _bSimon & Schuster, Inc. _c2009 . |
||
| 300 |
_a163 pages : _biilustrations ; _c20 cm . |
||
| 490 | _a Nancy Drew: Girl Detective | ||
| 505 | _aR | ||
| 520 | _aNancy Drew and her friend George Bess win a vacation to an eco-resort in Costa Rica. But after a string of increasingly dangerous "accidents," it seems that there is a jealous predator staying at the resort, making trouble for the management and the guests. Against the urging of her friends, Nancy takes on the case to get to the bottom of it before the entire week at Casa Verde is ruined -- or worse. Can she uncover who is sabotaging the resort before it's too late? Or will their vacation come to an unhappy end? | ||
| 521 | 8 |
_a760
_bLexile |
|
| 521 | 8 |
_aR
_bRaz-Plus |
|
| 650 |
_amistery _vfiction |
||
| 942 |
_2ddc _cBK _n0 |
||
| 999 |
_c4830 _d4830 |
||